Fernlee Estates Ltd v City and County of Swansea and another (Record no. 68561)

MARC details
000 -LEADER
fixed length control field 00969cam a2200217 4500
001 - CONTROL NUMBER
control field X115104
008 - FIXED-LENGTH DATA ELEMENTS--GENERAL INFORMATION
fixed length control field 011012n2001 000 0 eng u
035 ## - SYSTEM CONTROL NUMBER
System control number (Sirsi) u115104
245 ## - TITLE STATEMENT
Title Fernlee Estates Ltd v City and County of Swansea and another
260 ## - PUBLICATION, DISTRIBUTION, ETC.
Date of publication, distribution, etc. 2001
490 ## - SERIES STATEMENT
Series statement Estates Gazette
Volume/sequential designation [2001] 24 EG 161 (CS) (16/6/01)
520 ## - SUMMARY, ETC.
Summary, etc. QBD 18 May 2001. Council making definitive map modification order - Order adding bridleway to map - Inspector concluding presumed dedication of the way - National Assembly for Wales confirming order - Claimant objecting - Whether inspector erred - S31 of Highways Act 1980 - Claim dismissed.
650 ## - SUBJECT ADDED ENTRY--TOPICAL TERM
Topical term or geographic name entry element FERNLEE ESTATES LTD V CITY AND COUNTY OF SWANSEA AND ANOTHER
650 ## - SUBJECT ADDED ENTRY--TOPICAL TERM
Topical term or geographic name entry element MAP REVISION
650 ## - SUBJECT ADDED ENTRY--TOPICAL TERM
Topical term or geographic name entry element BRIDLEWAY
650 ## - SUBJECT ADDED ENTRY--TOPICAL TERM
Topical term or geographic name entry element HIGHWAYS ACT 1980 S31
650 ## - SUBJECT ADDED ENTRY--TOPICAL TERM
Topical term or geographic name entry element PRESUMPTION OF DEDICATION
650 ## - SUBJECT ADDED ENTRY--TOPICAL TERM
Topical term or geographic name entry element WILDLIFE AND COUNTRYSIDE ACT 1981 S53(3)(B)
690 ## - LOCAL SUBJECT ADDED ENTRY--TOPICAL TERM (OCLC, RLIN)
Topical term or geographic name as entry element PROPERTY AND LAND LAW-CASE LAW
942 ## - ADDED ENTRY ELEMENTS (KOHA)
Suppress in OPAC 0
Holdings
Withdrawn status Lost status Source of classification or shelving scheme Damaged status Not for loan Home library Current library Shelving location Date acquired Total Checkouts Full call number Barcode Date last seen Copy number Price effective from Koha item type
    Dewey Decimal Classification     London London Journal article 12/10/2001   X115104 115104-1001 06/08/2019 1 06/08/2019 Law report